000 00474nam a22001697a 4500
005 20251108164107.0
008 250721s1987 xx 000 0 ara d
082 1 4 _a210/محم
100 1 _aمحمد، محمد عبد السلام
245 1 0 _aدراسات في الثقافة الإسلامية /
250 _aط5.
264 1 _aالكويت :
_bمطبعة الفلاح،
_c1987.
300 _a623 ص
650 1 7 _aالإسلام
942 _2ddc
_cBK
999 _c3468
_d3468